Praying down revival (Record no. 8220)

MARC details
000 -LEADER
fixed length control field 00468nam a22001817a 4500
003 - CONTROL NUMBER IDENTIFIER
control field GBCCL
005 - DATE AND TIME OF LATEST TRANSACTION
control field 20241126110645.0
008 - FIXED-LENGTH DATA ELEMENTS--GENERAL INFORMATION
fixed length control field 190723b ||||| |||| 00| 0 eng d
040 ## - CATALOGING SOURCE
Transcribing agency gbc
082 ## - DEWEY DECIMAL CLASSIFICATION NUMBER
Classification number 248.32
Item number HAL
100 ## - MAIN ENTRY--PERSONAL NAME
Personal name Hall, T D
9 (RLIN) 14308
245 ## - TITLE STATEMENT
Title Praying down revival
260 ## - PUBLICATION, DISTRIBUTION, ETC.
Place of publication, distribution, etc. Euless, Tex. :
Name of publisher, distributor, etc. Successful Christian Living Ministries,
Date of publication, distribution, etc. ©1976.
300 ## - PHYSICAL DESCRIPTION
Extent 77 pages
650 ## - SUBJECT ADDED ENTRY--TOPICAL TERM
Topical term or geographic name entry element Prayer.
9 (RLIN) 332
650 ## - SUBJECT ADDED ENTRY--TOPICAL TERM
Topical term or geographic name entry element Revivals.
9 (RLIN) 344
942 ## - ADDED ENTRY ELEMENTS (KOHA)
Source of classification or shelving scheme Dewey Decimal Classification
Koha item type Books
Koha issues (borrowed), all copies 1
Holdings
Withdrawn status Lost status Source of classification or shelving scheme Damaged status Not for loan Home library Current Library Shelving location Date acquired Total checkouts Full call number Barcode Date last seen Date last checked out Copy number Price effective from Koha item type
    Dewey Decimal Classification     GRACE BIBLE COLLEGE GRACE BIBLE COLLEGE Ministry & Mission 2019-07-23 1 248.32 HAL 004360 2025-05-01 2023-01-31 c.1 2019-07-23 Books
© Grace Bible College Library 2025